000 00590nam a2200241Ia 4500
003 OSt
005 20220912145712.0
006 a|||||r|||| 00| 0
007 ta
008 220909b |||||||| |||| 00| 0 eng d
024 _a73747
037 _cTextual
040 _aCSL
_beng
_cCSL
041 _aeng
082 _aL:4:7v1:N3, H9 CS
100 _aLeonardo Richard A
245 0 _aHistory of surgery
260 _c1949
300 _ap.
_ccm.
650 _aMedicine
942 _hL:4:7v1:N3, H9 CS
_cTEXL
_2CC
999 _c36631
_d36631